Novell Netware

Αποθηκεύτηκε σε:
Λεπτομέρειες βιβλιογραφικής εγγραφής
Κύριος συγγραφέας: Siyan, Karanjit, 1954-
Μορφή: Βιβλίο
Γλώσσα:Greek
English
Δημοσίευση: Αθήνα : Γκιούρδας, 1993.
Θέματα:
Ετικέτες: Προσθήκη ετικέτας
Δεν υπάρχουν, Καταχωρήστε ετικέτα πρώτοι!

MARC

LEADER 00000cam a2200000 i 4500
001 1/52342
008 941103s1993 gr | ||| |||| ||gre||
035 |a 1993  |c ΠΑΝΑΓΙΩΤΟΠΟΥΛΟΣ  |l 10044399 
040 |a GR-MyUa  |b gre  |e AACR2 
041 0 |a gre  |h eng 
082 7 |a 004.68   |2 (22) 
100 1 |a Siyan, Karanjit,   |d 1954- 
245 1 0 |a Novell Netware /   |c Karanjit Siyan ; απόδοση Κατερίνα Χρυσανθοπούλου. 
260 |a Αθήνα :   |b Γκιούρδας,   |c 1993. 
300 |a 844 σ. ;   |c 24 εκ. 
500 |a Τίτλος πρωτοτύπου: Netware : the professional reference. 
630 0 0 |a NetWare. 
650 0 |a Computer networks. 
650 0 |a Operating systems (Computers) 
852 |a INST  |b SAMOS  |e 19941103  |h 004.68 SIY  |p 005300004559  |q 005300004559  |t BK  |y 0